Responses for show #8055 - Friday, September 20, 2019

Jason Zuffranieri game 16.

Contestants

[<< previous game]

Heather Sullivan, an attorney from Peekskill, New York

John Lance, a ghostwriter from Tustin, California

Jason Zuffranieri, a math teacher from Albuquerque, New Mexico (whose 15-day cash winnings total $418,343)

[next game >>]

Jeopardy! Round responses

2019 MOVIES
THE TECH WORLD
TRIAL OF THE CENTURY
(Alex: You have to identify the century.)
2-WORD ALLITERATION
FABRICS
CHIEFS OF STATE
    $200 21
Dumbo

Heather
    $200 26
(John!: What is a video game?)

eBook

John!
Triple Stumper
    $200 27
20th century

Jason
    $200 17
last laugh

Jason
    $200 30
chiffon

John!
    $200 29
emperor

John!
    $400 20
Madea

John!
    $400 25
Xbox

John!
    $400 19
17th

Jason
    $400 16
electric eel

John!
    $400 28
canvas

Triple Stumper
    $400 18
electoral college

Jason
    $600 9
Rocketman

Jason
    $600 3
Acrobat

Heather
    $3,000 11
19th

Jason
    $600 15
pet peeve

Jason
    $600 24
flax

Jason
    $600 14
Iran

Triple Stumper
    $800 6
Pikachu

Jason
    $800 2
Safari

John!
    $800 10
16th

Jason
    $800 7
peer pressure

Jason
    $800 23
tweed

Heather
    $800 13
Madagascar

Triple Stumper
    $1000 5
Bryan Cranston

Heather
    $1000 4
breach

Heather
    $1000 8
(Alex: That's right, it happened in the 1400s.)

15th century

Heather
    $1000 1
slippery slope

John!
    $1000 22
vicuna

Jason
    $1000 12
(Heather: What is regent?)
(Jason: What is prime minister?)

governor general

JasonHeather
Triple Stumper

Scores at the first commercial break (after clue 15):

Jason John! Heather
$5,600 $1,800 $2,600

Scores at the end of the Jeopardy! Round:

Jason John! Heather
$8,400 $3,200 $3,600

Double Jeopardy! Round responses

THE BOOK NOOK
THAT USED TO HAPPEN?
MUSICAL MONUMENTS
WOMEN SCIENTISTS
"ON" OR "OFF"
STATE OF CHIEFS
(Alex: You have to name the current state where each Native American was born.)
    $400 29
[The end-of-the-round signal sounds.]

Asimov

John!
    $400 28
Hamburg

Jason
    $400 26
Marie Curie

Jason
    $400 25
(Alex: Yep, less than a minute.)

officiate

John!
    $400 27
Washington

John!
    $800 21
Terabithia

Jason
    $800 18
411

Jason
    $800 19
(Willie) Nelson

Jason
    $800 17
gorillas

Heather
    $800 16
offhand

Jason
    $800 24
Virginia

Heather
    $1200 5
Joseph Campbell

Triple Stumper
    $1200 15
corporal punishment

Jason
    $1200 14
Montreux

Freddie Mercury

John!
    $1200 10
Home Economics

Heather
    $1200 1
onyx

Heather
    $5 23
(Jason: [Making his wager] $5. [Jason laughs])
(Alex: Oh, feeling really confident in Native American chiefs?)
(Jason: You betcha.)
...
(Alex: You picked the right state and you earn $5!)
[Applause]

Ohio

Jason
    $1600 4
(Jason: What is Gone Girl?)

Sharp Objects

JasonHeather
    $1600 7
pigeons

Triple Stumper
    $1600 13
AC/DC

Jason
    $1600 9
(John!: Who is Planck?)

(Edwin) Hubble

JasonJohn!
    $1600 11
offsets

Jason
    $1600 22
Massachusetts

Triple Stumper
    $4,000 3
(Jason: What is... The Lion, the Witch and the Wardrobe?)

Outlander

Jason
    $2000 6
Mercurochrome

Triple Stumper
    $2000 12
Sibelius

Jason
    $2000 8
Principia Mathematica

Jason
    $2000 2
ontology

Jason
    $2000 20
Illinois

John!

Scores at the end of the Double Jeopardy! Round:

Jason John! Heather
$18,805 $6,000 $9,200
(lock game)

[wagering suggestions for these scores]

Final Jeopardy! Round responses

U.S. CURRENCY
John!Who is Jefferson?
$401
HeatherWho is Thomas Jefferson?
$2,850
JasonWho is Jefferson?
$52
Andrew Jackson

Final scores:

Jason John! Heather
$18,753 $5,599 $6,350
16-day champion: $437,096 3rd place: $1,000 2nd place: $2,000

Game dynamics:

Coryat scores:

Jason John! Heather
$21,600 $6,000 $9,200
26 R
(including 2 DDs),
3 W
(including 1 DD)
12 R,
2 W
11 R,
1 W

Combined Coryat: $36,800

The J! Archive is created by fans, for fans. The Jeopardy! game show and all elements thereof, including but not limited to copyright and trademark thereto, are the property of Jeopardy Productions, Inc. and are protected under law. This website is not affiliated with, sponsored by, or operated by Jeopardy Productions, Inc. Join the discussion at JBoard.tv.